000 00268nam a2200109Ia 4500
008 220204s9999 xx 000 0 und d
082 _a336.764.24
_bWIN
100 _aWINKLER, John
245 0 _aBargaining for results
260 _aOxford
_bHeinemann
_c1981
942 _cBK
999 _c39992
_d39992